000
00183nam a2200085Ia 4500
008
170524s9999 xx 000 0 und d
100
_a
Recipes
245
0
_a
1001 Classic
260
_b
Parragon book
260
_c
2004
999
_c
7148
_d
7148